|
|
|
|
| LEADER |
00000cam a2200000 7i4500 |
| 001 |
0000282495 |
| 005 |
20240403130433.0 |
| 006 |
a ###g ###o |
| 007 |
ta |
| 008 |
|
| 040 |
|
|
|a MBPJ
|b eng
|c MBPJ
|e rda
|
| 090 |
0 |
|
|a AUD 001
|
| 110 |
2 |
|
|a Majlis Bandaraya Petaling Jaya
|e issuing body
|
| 245 |
0 |
0 |
|a Laporan Ketua Audit Negara mengenai penyata kewangan Majlis Bandaraya Petaling Jaya bagi tahun berakhir 31 Disember 2018
|c Majlis Bandaraya Petaling Jaya
|
| 264 |
|
0 |
|a Petaling Jaya :
|b Majlis Bandaraya Petaling Jaya
|c 2019
|
| 300 |
|
|
|a 47 pages ;
|c 30 cm.
|
| 336 |
|
|
|a text
|2 rdacontent
|
| 337 |
|
|
|a unmediated
|2 rdamedia
|
| 338 |
|
|
|a volume
|2 rdacarrier
|
| 500 |
|
|
|a Diperolehi dari Jabatan Perbendaharaan MBPJ
|
| 500 |
|
|
|a Dokumen terbitan MBPJ - laporan audit (13/11/2019)
|
| 999 |
|
|
|a BA0060/20
|b DOKUMEN TERBITAN MBPJ
|c KOLEKSI BAHAN ARKIB
|e PERPUSTAKAAN KOMUNITI PETALING JAYA
|